Mathematics - Subtraction - Sudden Death - Statistics

General Stats
  • This quiz has been taken 141 times
  • The average score is 6 of 10
Answers on the Grid
Answers color-coded by a green-red scale on the quiz's grid according to % correct below.
78 - 36 = 43
64 - 27 = 36
81 - 38 = 44
123 - 64 = 69
106 - 58 = 58
152 - 35 = 118
99 - 47 = 53
103 - 36 = 77
135 - 43 = 91
58 - 19 = 37
128 - 49 = 79
145 - 78 = 67
96 - 54 = 42
120 - 85 = 35
134 - 47 = 87
150 - 62 = 88
98 - 46 = 52
110 - 73 = 37
123 - 45 = 78
80 - 39 = 41
 
Answer Stats
Answer % Correct
120 - 85 = 35
65%
110 - 73 = 37
58%
145 - 78 = 67
57%
80 - 39 = 41
57%
96 - 54 = 42
57%
134 - 47 = 87
54%
123 - 45 = 78
52%
150 - 62 = 88
52%
98 - 46 = 52
51%
128 - 49 = 79
48%
No matching quizzes found
Score Distribution
Percent of People with Each Score
Percentile by Number Answered
Your Score History
You have not taken this quiz